000 00367nam a2200169Ia 4500
001 25563
003 IN-NITTTR
005 20251114233324.0
008 251113s9999||||xx |||||||||||||| ||eng||
040 _beng
040 _cIN-NITTTR
041 _aeng
082 _a650.1 Z1O
100 _aZiglar, Zig
245 0 _aOver the top. /
_cZiglar, Zig
942 _2ddc
_cBK
999 _c28192
_d28192